000 00474pab a2200169 454500
008 180718b2014 xxu||||| |||| 00| 0 eng d
100 _aBansal, Taruna
245 _aAvailability of basic amenities in urban India: a state level analysis (2001 and 2011)
260 _c2014
300 _ap.21-31.
362 _aOct-Dec
650 _aPublic utilities - India
650 _aPublic utilities
700 _aChoubey, Awadh Narayan
773 _aNagarlok
909 _a109572
999 _c109567
_d109567